Básnik v tieni svojej poézie (správa o poézii Jána Motulka pri príležitosti básnikových 80. narodenín)

Bibliographic Details
Main Author: Stankovský, Aloš, 1925-2002 (Author)
Format: Article
Language:Slovak
PhysicalDescription:Fotogr.
ISSN:1335-3470
Subjects:

MARC

LEADER 00000nab a2200000 a 4500
001 vtls000709914
003 SK-MaSNL
005 20260304120226.0
008 250429c1999 xo 0 slo
015 |a SNBRB2000/01-02170 
035 |a CLN000062081 
035 |a urn:nbn:sk:snk-ab95a8 
035 |a (urnnbn)urn:nbn:sk:snk:ar-006vxf 
035 |a (uuid)fc262a94-1da0-49c9-b255-2ee5c417fd7f 
040 |a SNKBUCL  |b slo  |c SNKBUCL  |e AACR2 
041 0 |a slo 
044 |a xo  |c SK 
080 |a 82.09:885.4-1  |2 1997 
080 |a 885.4-1.09  |2 1997 
080 |a 929 Motulko, Ján  |2 1997 
100 1 |a Stankovský, Aloš,  |d 1925-2002  |4 aut 
245 1 0 |a Básnik v tieni svojej poézie  |b (správa o poézii Jána Motulka pri príležitosti básnikových 80. narodenín)  |c Aloš Stankovský 
300 |b Fotogr. 
600 1 7 |a Motulko, Ján,  |d 1920-2013  |2 snkbucl  |9 114662 
655 7 |a profily  |2 snkbucl  |9 341977 
655 7 |a články z novín a časopisov  |2 snkbucl  |9 267496 
773 0 |t Kultúra  |g Roč. 2, č. 51/52 (1999), s. 8-9  |x 1335-3470 
850 |a Slovenská národná knižnica 
852 |a Slovenská národná knižnica 
954 |a odborná, vedecká literatúra pôvodná (slovenská)  |2 lita 
958 |a article13 
958 |a OND 
958 |a LX 
958 |a BX 
958 |a EUIPO 
999 |c 2879092  |d 2881022